000
00281nam a22001097a 4500
008
170120b xxu||||| |||| 00| 0 eng d
020
_a
9780781770521
041
_a
eng
080
_2
8TH
_a
618.2
245
_a
RESOURCE MANUAL TO ACCOMPANY NURSING RESEARCH
_c
BECK, CH.T
942
_2
udc
_c
BK
999
_c
3282
_d
3282